Web-Based Instruction /

Obra sobre procesos de enseñanza-aprendizaje a través de páginas WEB, donde se explica el diseño, desarollo, entrega, mantenimiento y evaluación de sitios educativos.

Guardado en:
Detalles Bibliográficos
Autor principal: Khan, Badrul Huda (autor)
Formato: Libro
Idioma:Español
Publicado: Englewood Cliffs, EUA : Educational Technology Publications, 1997, c1997
Temas:
Etiquetas: Agrega una etiqueta
Sin etiquetas, Sé el primero en etiquetar este registro!

MARC

LEADER 00000nam^a2200000^a^4500
001 000183740
005 20250521000000.0
009 20260310102051.431
020 |a 0-87778-297-0 
037 |a Acervo ITESO - Biblioteca 
041 |a ESP 
082 |a 371. 334  |b KHA 
100 |a Khan, Badrul Huda  |e (autor) 
245 1 0 |a Web-Based Instruction /  |c B.H. Khan. 
264 4 |a Englewood Cliffs, EUA :  |b Educational Technology Publications,  |c 1997, c1997 
300 |a XVI, 463 p. 
336 |a texto  |b txt  |2 rdacontenido 
337 |a sin mediación  |b n  |2 rdamedio 
338 |a volumen  |b nc  |2 rdasoporte 
520 |a Obra sobre procesos de enseñanza-aprendizaje a través de páginas WEB, donde se explica el diseño, desarollo, entrega, mantenimiento y evaluación de sitios educativos. 
649 |a XX 
650 |a Páginas en Línea -  |x Diseño y Construcción 
650 |a Páginas en Línea -  |x Evaluación 
650 |a Interactividad 
650 |a Hipertexto 
650 |a Multimedia 
650 |a Lenguaje Hipermedial 
650 |a Internet 
650 |a Computadoras en la Educación 
650 |a Apoyos Didácticos 
650 |a Didáctica 
650 |a Metodología Educativa 
650 |a Proceso Educativo 
650 |a Tecnología Educativa 
650 |a Aprendizaje Colaborativo 
650 |a Recepción y Apropiación de la Comunicación 
650 |a Proceso de Comunicación 
650 |a Comunicación Educativa 
650 |a Sistemas Computacionales 
650 |a Educación a Distancia 
910 |a Fondo General 
920 |a Impresos - Libros 
930 |a Colección General 
905 |a 101 
901 |a 0500124257  |b IT1  |c ACC  |u 20250521 
902 |a https://opac.biblio.iteso.mx/vufind/Record/000183740